| 000 | 01120nam a2200241Ia 4500 | ||
|---|---|---|---|
| 999 |
_c54924 _d54924 |
||
| 001 | 21995 | ||
| 003 | GE_BSU | ||
| 005 | 20220923122122.0 | ||
| 008 | 181216s ||||ge |||||||||||||| ||geo|| | ||
| 040 | _cGE_BSU | ||
| 041 | _ageo | ||
| 080 | _a821.111-13 ლ-83 | ||
| 100 |
_aლონგფელო, ჰენრი _914724 |
||
| 245 |
_aჰაივათას სიმღერა : _b [ლეგენდა ლექსად] / _cჰენრი ლონგფელო ; ინგლისურიდან თარგმნა ო. ჭილაძემ ; მხატვარი ვ. გაბუნია. |
||
| 264 |
_aთბილისი : _bნაკადული, _c1979. |
||
| 300 |
_a160 გვ. : _bილ. ; _c22 სმ. |
||
| 653 | _aმხატვრული ლიტერატურა | ||
| 653 | _aჰაივათას სიმღერა | ||
| 653 | _a [ლეგენდა ლექსად] | ||
| 700 |
_a ჭილაძე, ო. _eმთაგმნელი _914725 |
||
| 700 |
_a გაბუნია, ვ. _eმხატვარი _914726 |
||
| 942 |
_cBK _2udc |
||